000 00608nam a2200217 a 4500
001 2993
003 CO-ViMGA
008 141112s2004 ck r 000 u spa d
040 _aCO-ViMGA
_bspa
_cCO-ViMGA
082 0 4 _a621.75 T325t
245 1 0 _aTecnologia mecánica :
_bprimer grado, segundo curso
260 _aBarcelona :
_bCeac,
_c1977
300 _a284 p : il
490 _aLibros Ceac de formación profesional
650 1 4 _aENGRANAJE
_952260
650 1 4 _aMAQUINAS HERRAMIENTAS
650 1 4 _aMECANICA INDUSTRIAL
_952262
650 1 4 _aTALADRO
650 1 4 _aTECNOLOGIA INDUSTRIAL
942 _2ddc
_cBK
999 _c15056
_d15056